| 000 | 00502nam a2200157 a 4500 | ||
|---|---|---|---|
| 001 | 000028436 | ||
| 005 | 20200930054937.0 | ||
| 008 | 110408s1989 dr 000 0 spa d | ||
| 040 |
_aDO-SdBNP _bspa _cBNPHU |
||
| 082 |
_axxx _bG216o |
||
| 100 | 1 |
_aGarcía, Diógenes, _98453 |
|
| 245 | 1 | 3 |
_aEl orígen de Dios : _b¨Conozca el origen de Dios, dónde está quién es y los marxistas nos son ateos¨ / _cDiógenes García. |
| 260 |
_aSanto Domingo : _bTaller;, _c1989. |
||
| 300 | _a23 cm. | ||
| 049 | _aBNPD | ||
| 999 |
_c27928 _d27928 |
||